000
00247nam a2200109Ia 4500
008
190216s9999||||xx |||||||||||||| ||und||
100
_a
Jainendra Kumari
245
0
_a
23 Hindikathakal
260
_b
Nbs Kottayam
650
_a
Kathakal
942
_c
BK
999
_c
24742
_d
24742